Normal view MARC view

Entry Nombre personal

Number of records used in: 2

001 - NÚMERO DE CONTROL

  • campo de control: 1107

003 - IDENTIFICADOR DE NÚMERO DE CONTROL

  • campo de control: DLC

005 - FECHA Y HORA DE LA ÚLTIMA TRANSACCIÓN

  • campo de control: 20260423160742.0

008 - ELEMENTOS DE DATO DE LONGITUD-FIJA

  • campo de control de longitud fija: 881213n| acannaabn |b aba

010 ## - NÚMERO DE CONTROL DE LA BIBLIOTECA DEL CONGRESO

  • Número de control de LC: n 88679722

035 ## - NÚMERO DE CONTROL DEL SISTEMA

  • Número de control de sistema: (OCoLC)oca02422119

040 ## - FUENTE DE CATALOGACIÓN

  • Centro catalogador/agencia de origen: DLC
  • Lengua de catalogación: eng
  • Centro/agencia transcriptor: DLC
  • Centro/agencia modificador: InU
  • Centro/agencia modificador: DLC
  • Centro/agencia modificador: OCoLC
  • Centro/agencia modificador: DLC

100 1# - ENCABEZAMIENTO-NOMBRE DE PERSONA

  • Nombre de persona: Andrews, Peter

400 1# - TRAZADO DE VÉASE--NOMBRE DE PERSONA

  • Nombre de persona: ピーター・アンドリュース

670 ## - FUENTE DE DATOS ENCONTRADOS

  • Cita de la fuente: [Author of The Greats of Tin Pan Alley]

670 ## - FUENTE DE DATOS ENCONTRADOS

  • Cita de la fuente: nuc87-82588: His The Greats of Tin Pan Alley, c1976
  • Información encontrada: (hgd. on TxU rept.: Andrews, Peter; usage: Peter Andrews)

670 ## - FUENTE DE DATOS ENCONTRADOS

  • Cita de la fuente: [Main entry for Learn about animals]

670 ## - FUENTE DE DATOS ENCONTRADOS

  • Cita de la fuente: His Learn about animals [CF] 1990:
  • Información encontrada: guide, prelim. leaf 3 (Peter Andrews)

670 ## - FUENTE DE DATOS ENCONTRADOS

  • Cita de la fuente: [Author of The Touche Ross guide to the regulation of banks in the United Kingdom]

670 ## - FUENTE DE DATOS ENCONTRADOS

  • Cita de la fuente: His The Touche Ross guide to the ... c1990:
  • Información encontrada: t.p. (Peter Andrews) p. 4 of cover (sr. mangr. in the Touche Ross Fin. Institutions Group)